Statistiche per Quiz sulla Polonia

Clicka qui per fare il quiz!

Statistiche generali

  • Questo quiz è stato fatto 952 volte
  • Il punteggio medio è 9 su 20

Statistiche sulle risposte

DomandaRisposta% Corretto
CapitaleVarsavia
98%
Seconda città più grandeCracovia
79%
Mare a nord della PoloniaMar Baltico
76%
Polonia in polaccoPolska
63%
Ideatore del modello eliocentrico
del sistema solare
Niccolò Copernico
61%
Prima donna a vincere il premio Nobel
per i suoi studi sulle radiazioni
Marie Curie
60%
Papa polaccoGiovanni Paolo II
58%
Ex città libera, obbiettivo militare dei tedeschi
durante la Seconda Guerra Mondiale
Danzica
56%
ValutaZłoty
42%
Compositore e pianista, compose il "Valzer del minuto"Fryderyk Chopin
41%
Fiume più lungoVistola
34%
Fiume al confine tedesco / polaccoOder
31%
Regista de "Il pianista"Roman Polański
30%
Sindacato che ha resistito ai sovieticiSolidarność
28%
Leader di quanto sopra e
Presidente della Polonia dal 1990 al 1995
Lech Wałęsa
27%
Città più importante dell'Alta SlesiaKatowice
26%
Pasta ripiena tipica simile ai ravioliPierogi
23%
Grande bovino estinto nel 1627Uro
15%
Ciambelle tipiche, vengono preparate
per il giovedì grasso
Pączki
13%
Ultimo re di PoloniaStanislao II Augusto
12%

Distribuzione punteggi

Percentile per numero di risposta

Percentuale di utenti per punteggio

I tuoi punteggi nel tempo

Non hai fatto questo quiz